[Event "Marianske Lazne GM-A1 22nd"]
[Site "Marianske Lazne"]
[Date "2024.01.18"]
[Round "7"]
[White "Haring, Filip"]
[Black "Stein, Robert"]
[Result "1/2-1/2"]
[WhiteElo "2432"]
[BlackElo "2429"]
[PlyCount "107"]
[EventDate "2024.01.13"]
[EventType "tourn"]
[EventRounds "9"]
[EventCountry "CZE"]
[EventCategory "7"]
[SourceTitle "CB04_2024"]
[SourceDate "2023.10.16"]
[SourceVersion "1"]
[SourceVersionDate "2023.10.16"]
[SourceQuality "1"]

1. e4 e5 2. Nf3 Nc6 3. Bc4 Bc5 4. c3 Nf6 5. d4 exd4 6. e5 d5 7. Bb5 Ne4 8. cxd4 Bb6 9. Nc3 0-0 10. Be3 Bg4 11. h3 Bh5 12. Qc2 Ba5 13. 0-0 Bxf3 14. gxf3 Nxd4 15. Bxd4 Qg5+ 16. Kh1 Bxc3 17. Bxc3 Qf5 18. Rfc1 Qxh3+ 19. Kg1 Ng5 20. Be2 Qh6 21. f4 Nh3+ 22. Kg2 Nxf4+ 23. Kf3 Nxe2 24. Rh1 Qg6 25. Qxg6 fxg6+ 26. Kxe2 c5 27. Bd2 Rae8 28. f4 g5 29. Raf1 gxf4 30. Bxf4 g5 31. Bh2 Rxf1 32. Rxf1 Kg7 33. b4 b6 34. Rc1 Rc8 35. Bg1 Re8 36. bxc5 Rxe5+ 37. Kd3 bxc5 38. Bxc5 Re4 39. Bd4+ Kg6 40. Rc5 Re6 41. a4 a6 42. Rxd5 Kh5 43. a5 Kg4 44. Be3 Rg6 45. Ke2 h5 46. Rd4+ Kg3 47. Rd1 Kg4 48. Kf2 h4 49. Kg2 Re6 50. Rd4+ Kf5 51. Bd2 Re4 52. Rd5+ Re5 53. Rxe5+ Kxe5 54. Bxg5 1/2-1/2

[Event "GER-ch Rapid 49th"]
[Site "Dinkelsbuehl"]
[Date "2023.11.11"]
[Round "3"]
[White "Yelisieiev, Yevhenii"]
[Black "Stein, Robert"]
[Result "0-1"]
[WhiteElo "2420"]
[BlackElo "2429"]
[PlyCount "188"]
[EventDate "2023.11.11"]
[EventType "swiss (rapid)"]
[EventRounds "9"]
[EventCountry "GER"]
[SourceTitle "CB46_2023"]
[SourceDate "2023.11.15"]
[SourceVersion "1"]
[SourceVersionDate "2023.11.15"]
[SourceQuality "1"]

1. d4 d5 2. c4 e6 3. Nc3 a6 4. cxd5 exd5 5. Bf4 c6 6. e3 Bd6 7. Bxd6 Qxd6 8. Bd3 Ne7 9. Qc2 g6 10. Nge2 Bf5 11. Ng3 Bxd3 12. Qxd3 f5 13. 0-0 0-0 14. Nge2 Nd7 15. b4 Nf6 16. Rab1 Nc8 17. Na4 Qe7 18. Nc5 Nd6 19. a4 Nfe4 20. Qc2 Nc4 21. Rbd1 a5 22. Nxe4 fxe4 23. b5 cxb5 24. Nc3 Qd7 25. Nxb5 Rf5 26. Nc3 Rc8 27. Qe2 Rg5 28. Kh1 Rh5 29. Rc1 Qd6 30. h3 Qe6 31. f3 exf3 32. Rxf3 Nd6 33. Qf1 Rf5 34. Kh2 Rcf8 35. Rxf5 Nxf5 36. Qf4 Nxe3 37. Qe5 Qxe5+ 38. dxe5 Rc8 39. Kg3 Kf7 40. Kf3 d4 41. Ne2 Rxc1 42. Nxc1 Ke6 43. Ke4 Nxg2 44. Nb3 b6 45. Nxd4+ Kd7 46. Nf3 h6 47. Nd2 Kc6 48. Nc4 g5 49. e6 Nf4 50. Ke5 Kc5 51. Nd2 Kb4 52. Kf5 Nxe6 53. Kxe6 h5 54. Ne4 g4 55. h4 Kxa4 56. Kd5 Kb4 57. Kd4 a4 58. Kd3 Kb3 59. Nd2+ Kb2 60. Nc4+ Kb1 61. Nxb6 a3 62. Nd5 a2 63. Nc3+ Kb2 64. Nxa2 Kxa2 65. Ke3 Kb3 66. Kd3 Kb4 67. Kd4 Kb5 68. Ke3 Kc4 69. Ke4 Kc5 70. Ke3 Kc6 71. Ke4 Kd6 72. Kd4 Ke6 73. Ke4 Kf6 74. Kf4 Ke7 75. Ke3 Kf7 76. Kf4 Kf6 77. Ke4 Ke6 78. Kf4 Kd5 79. Kg3 Ke5 80. Kf2 Kf4 81. Kg2 Ke4 82. Kf2 Kd3 83. Kg2 Ke2 84. Kg1 Kf3 85. Kh2 Kf2 86. Kh1 Kg3 87. Kg1 Kxh4 88. Kg2 Kg5 89. Kg3 h4+ 90. Kg2 Kf4 91. Kh2 Kf3 92. Kh1 Kf2 93. Kh2 g3+ 94. Kh3 g2 0-1

[Event "NATO-ch 33rd"]
[Site "Portoroz"]
[Date "2023.09.04"]
[Round "1"]
[White "Stein, Robert"]
[Black "Tucker, David Sidney"]
[Result "1-0"]
[WhiteElo "2419"]
[BlackElo "1892"]
[PlyCount "57"]
[EventDate "2023.09.04"]
[EventType "swiss"]
[EventRounds "7"]
[EventCountry "SLO"]
[SourceTitle "EXT 2024"]
[Source "ChessBase"]
[SourceDate "2023.10.10"]
[SourceVersion "1"]
[SourceVersionDate "2023.10.10"]
[SourceQuality "1"]

1. d4 c5 2. d5 Nf6 3. Nc3 g6 4. e4 d6 5. Bb5+ Bd7 6. a4 Bxb5 7. axb5 Bg7 8. f4 Nfd7 9. Nf3 0-0 10. 0-0 Qc7 11. Qe1 a6 12. Qh4 Nb6 13. f5 axb5 14. Rxa8 Nxa8 15. Ng5 h5 16. fxg6 fxg6 17. Rxf8+ Bxf8 18. Qf2 e5 19. dxe6 Nb6 20. Nxb5 Qg7 21. Qf7+ Qxf7 22. exf7+ Kg7 23. Nc7 N8d7 24. Ne8+ Kh8 25. b3 Ne5 26. Ne6 Nbd7 27. Nxf8 Nxf8 28. Nxd6 Nfd7 29. Bh6 1-0

[Event "Pardubice Czech op-A 34th"]
[Site "Pardubice"]
[Date "2023.07.24"]
[Round "4"]
[White "Chyzy, Jakub"]
[Black "Stein, Robert"]
[Result "0-1"]
[WhiteElo "2242"]
[BlackElo "2415"]
[PlyCount "77"]
[EventDate "2023.07.21"]
[EventType "swiss"]
[EventRounds "9"]
[EventCountry "CZE"]
[SourceTitle "CBM 215 Extra"]
[Source "ChessBase"]
[SourceDate "2023.09.30"]
[SourceVersion "1"]
[SourceVersionDate "2023.09.30"]
[SourceQuality "1"]

1. e4 e5 2. Nf3 Nc6 3. Bb5 a6 4. Ba4 Bc5 5. 0-0 Nge7 6. c3 Ng6 7. d4 Ba7 8. Bb3 0-0 9. Bg5 Qe8 10. h4 h6 11. h5 Nge7 12. Be3 exd4 13. Nxd4 Nxd4 14. cxd4 d5 15. exd5 Bf5 16. Nc3 Qd7 17. Qf3 Rad8 18. Qg3 Bh7 19. Rad1 Nf5 20. Qh3 Rfe8 21. Rfe1 b5 22. a3 Re7 23. Bc2 Rde8 24. Bxf5 Bxf5 25. Qg3 Bg4 26. Rd2 Bxh5 27. Rc1 Kh7 28. Na2 Bb6 29. Nb4 a5 30. d6 Rxe3 31. fxe3 axb4 32. dxc7 bxa3 33. bxa3 Bg6 34. Qf3 Rc8 35. Qc6 Qe7 36. Re1 Bxc7 37. Qxb5 Qh4 38. Red1 Be4 39. Rf2 0-1

[Event "GER-ch Blitz"]
[Site "Viernheim"]
[Date "2023.07.15"]
[Round "21"]
[White "Stein, Robert"]
[Black "Reichmann, Hendrik"]
[Result "1-0"]
[WhiteElo "2415"]
[BlackElo "2316"]
[PlyCount "59"]
[EventDate "2023.07.15"]
[EventType "tourn (blitz)"]
[EventRounds "29"]
[EventCountry "GER"]
[SourceTitle "CBM 215 Extra"]
[Source "ChessBase"]
[SourceDate "2023.09.30"]
[SourceVersion "1"]
[SourceVersionDate "2023.09.30"]
[SourceQuality "1"]

1. d4 Nf6 2. c4 d6 3. Nf3 g6 4. Nc3 Bf5 5. g3 Bg7 6. Bg2 0-0 7. b3 Ne4 8. Bb2 Nxc3 9. Bxc3 Be4 10. Qd2 d5 11. 0-0 Nc6 12. e3 e6 13. Rfd1 Qe7 14. Qe2 a5 15. Bf1 Bxf3 16. Qxf3 Rfd8 17. Rac1 Nb4 18. Qe2 a4 19. a3 Nc6 20. b4 e5 21. cxd5 Rxd5 22. b5 Nd8 23. Bb4 Qe8 24. Rxc7 exd4 25. exd4 Ne6 26. Rc4 Rad8 27. Bg2 Rxb5 28. d5 Ng5 29. Qxe8+ Rxe8 30. h4 1-0

[Event "Budapest FS10 GM"]
[Site "Budapest"]
[Date "2022.10.07"]
[Round "6"]
[White "Berczes, David"]
[Black "Stein, Robert"]
[Result "1/2-1/2"]
[WhiteElo "2438"]
[BlackElo "2375"]
[PlyCount "60"]
[EventDate "2022.10.01"]
[EventType "tourn"]
[EventRounds "9"]
[EventCountry "HUN"]
[SourceTitle "CBM 210 Extra"]
[Source "ChessBase"]
[SourceDate "2022.11.30"]
[SourceVersion "1"]
[SourceVersionDate "2022.11.30"]
[SourceQuality "1"]

1. d4 d5 2. Nf3 e6 3. c4 a6 4. g3 dxc4 5. Bg2 b5 6. Ne5 c6 7. 0-0 Bb7 8. b3 cxb3 9. Qxb3 Nf6 10. Rd1 Nbd7 11. Nc3 Qc7 12. a4 b4 13. Bf4 Bd6 14. Nxd7 Qxd7 15. Bxd6 Qxd6 16. Ne4 Nxe4 17. Bxe4 a5 18. Rac1 0-0 19. Rc5 g6 20. e3 Ra6 21. Rdc1 Re8 22. Qb2 Re7 23. h4 h5 24. Rg5 Qd7 25. Rcc5 f5 26. Bd3 Kf7 27. Bc4 Ra8 28. g4 hxg4 29. h5 Rg8 30. hxg6+ Kf6 1/2-1/2

[Event "Budapest FS10 GM"]
[Site "Budapest"]
[Date "2022.10.04"]
[Round "4"]
[White "Sahithi Varshini, M."]
[Black "Stein, Robert"]
[Result "0-1"]
[WhiteElo "2238"]
[BlackElo "2375"]
[PlyCount "82"]
[EventDate "2022.10.01"]
[EventType "tourn"]
[EventRounds "9"]
[EventCountry "HUN"]
[SourceTitle "CBM 210 Extra"]
[Source "ChessBase"]
[SourceDate "2022.11.30"]
[SourceVersion "1"]
[SourceVersionDate "2022.11.30"]
[SourceQuality "1"]

1. e4 e5 2. Nf3 Nc6 3. Bc4 Bc5 4. d3 Nf6 5. Bg5 h6 6. Bxf6 Qxf6 7. Nc3 0-0 8. a3 a6 9. Qd2 Nd4 10. Nxd4 Bxd4 11. Nd5 Qd8 12. c3 Ba7 13. 0-0 d6 14. Kh1 Be6 15. Ba2 c6 16. Nb4 Bxa2 17. Nxa2 f5 18. Rad1 Qh4 19. f3 Rad8 20. Qe1 Qf6 21. Nb4 d5 22. Qe2 Rf7 23. exd5 a5 24. Nc2 Rxd5 25. b4 axb4 26. axb4 Rfd7 27. c4 R5d6 28. c5 Re6 29. Rfe1 Bb8 30. Ra1 Re8 31. Ra8 Kh7 32. Ne3 e4 33. dxe4 fxe4 34. Ng4 Qf4 35. Rf1 h5 36. g3 Qd2 37. Qxd2 Rxd2 38. Ne3 Rd3 39. Nf5 e3 40. Nd6 e2 41. Re1 Rd1 0-1

[Event "Budapest FS10 GM"]
[Site "Budapest"]
[Date "2022.10.02"]
[Round "2"]
[White "Aczel, Gergely"]
[Black "Stein, Robert"]
[Result "1/2-1/2"]
[WhiteElo "2477"]
[BlackElo "2375"]
[PlyCount "81"]
[EventDate "2022.10.01"]
[EventType "tourn"]
[EventRounds "9"]
[EventCountry "HUN"]
[SourceTitle "CBM 210 Extra"]
[Source "ChessBase"]
[SourceDate "2022.11.30"]
[SourceVersion "1"]
[SourceVersionDate "2022.11.30"]
[SourceQuality "1"]

1. d4 d5 2. c4 e6 3. Nc3 a6 4. cxd5 exd5 5. Nf3 h6 6. Bf4 Nf6 7. h3 Bd6 8. e3 0-0 9. Bd3 Bxf4 10. exf4 Re8+ 11. Ne5 c5 12. dxc5 Nbd7 13. 0-0 Nxc5 14. Rc1 Ne6 15. Qd2 Qd6 16. Rfe1 Bd7 17. Bb1 Rad8 18. Rcd1 Bc6 19. Ne4 Nxe4 20. Bxe4 d4 21. Bb1 Qd5 22. Nxc6 Qxc6 23. Qd3 Nf8 24. Re5 Re6 25. Rde1 Red6 26. Bc2 b5 27. Bb3 Ne6 28. Rf5 g6 29. Rf6 Kg7 30. Rxf7+ Kxf7 31. f5 gxf5 32. Qxf5+ Ke7 33. Qh7+ Ke8 34. Bd1 R8d7 35. Qh8+ Ke7 36. Bh5 Qc5 37. Qe8+ Kf6 38. Qg6+ Ke7 39. Qe8+ Kf6 40. Qg6+ Ke7 41. Qe8+ 1/2-1/2

[Event "NATO-ch 32nd"]
[Site "Tartu"]
[Date "2022.06.30"]
[Round "5"]
[White "Kedzierski, Slawomir"]
[Black "Stein, Robert"]
[Result "0-1"]
[WhiteElo "2133"]
[BlackElo "2365"]
[PlyCount "128"]
[EventDate "2022.06.27"]
[EventType "swiss"]
[EventRounds "7"]
[EventCountry "EST"]
[SourceTitle "CBM 209 Extra"]
[Source "ChessBase"]
[SourceDate "2022.09.30"]
[SourceVersion "1"]
[SourceVersionDate "2022.09.30"]
[SourceQuality "1"]

1. d4 Nf6 2. Nf3 c5 3. d5 g6 4. Nc3 Bg7 5. e4 0-0 6. Be2 d6 7. 0-0 Bg4 8. Bf4 Qb6 9. Rb1 Re8 10. h3 Bxf3 11. Bxf3 e6 12. Re1 exd5 13. Nxd5 Nxd5 14. Qxd5 Be5 15. Be3 Nc6 16. c3 Qc7 17. Be2 Bg7 18. Rbd1 Rad8 19. Bc4 a6 20. Bg5 Rd7 21. Qd2 b5 22. Bd5 Ne7 23. Bxe7 Rdxe7 24. Qd3 Kh8 25. Re3 c4 26. Qc2 Qc5 27. Rf3 f5 28. exf5 Re1+ 29. Kh2 Rxd1 30. Qxd1 Re5 31. Bb7 gxf5 32. Qd2 d5 33. Qg5 Qc7 34. g3 h6 35. Qg6 Qxb7 36. Rxf5 Rxf5 37. Qxf5 Qc6 38. Kg1 a5 39. g4 b4 40. h4 bxc3 41. bxc3 d4 42. g5 dxc3 43. g6 Qe8 44. h5 Qd8 45. f4 a4 46. Kg2 Qd2+ 47. Kh1 Qd8 48. Kg2 Qa8+ 49. Kg3 a3 50. Kh2 Qd8 51. Kg2 Bf6 52. Kh1 Kg7 53. Kg2 Qc7 54. Kf3 Qe7 55. Kf2 Bd4+ 56. Kf1 c2 57. Qxc2 Qe3 58. Kg2 c3 59. Qf5 Qg1+ 60. Kf3 Qf1+ 61. Kg3 Bf2+ 62. Kf3 Bg1+ 63. Kg3 Qf2+ 64. Kh3 Qh2+ 0-1

[Event "NATO-ch 32nd"]
[Site "Tartu"]
[Date "2022.06.28"]
[Round "2"]
[White "Stein, Robert"]
[Black "Tustanowski, Mateusz"]
[Result "1-0"]
[WhiteElo "2365"]
[BlackElo "2036"]
[PlyCount "97"]
[EventDate "2022.06.27"]
[EventType "swiss"]
[EventRounds "7"]
[EventCountry "EST"]
[SourceTitle "CBM 209 Extra"]
[Source "ChessBase"]
[SourceDate "2022.09.30"]
[SourceVersion "1"]
[SourceVersionDate "2022.09.30"]
[SourceQuality "1"]

1. d4 Nf6 2. c4 g6 3. g3 Bg7 4. Bg2 d6 5. Nf3 0-0 6. 0-0 Nbd7 7. Nc3 e5 8. e4 exd4 9. Nxd4 Re8 10. Re1 Nc5 11. Bf4 Ne6 12. Be3 Ng4 13. Qxg4 Nxd4 14. Qd1 c5 15. Qd2 Be6 16. Ne2 Nc6 17. Rac1 Ne5 18. b3 Bg4 19. Nc3 Nf3+ 20. Bxf3 Bxf3 21. Bh6 Qd7 22. Qf4 Bxh6 23. Qxh6 f5 24. Nd5 Qf7 25. exf5 Bxd5 26. fxg6 hxg6 27. cxd5 Rxe1+ 28. Rxe1 Re8 29. Rxe8+ Qxe8 30. Qe3 Qf7 31. Qd3 Qf6 32. a4 a6 33. h4 Kg7 34. Kg2 Qe5 35. f4 Qb2+ 36. Kh3 Qf2 37. Kg4 Qb2 38. a5 Qa1 39. Qe2 Kh6 40. Qd2 Kg7 41. f5 gxf5+ 42. Kxf5 Qe5+ 43. Kg4 Qe4+ 44. Qf4 Qe2+ 45. Qf3 Qd2 46. Qe4 Qd1+ 47. Kg5 Qxb3 48. Qe7+ Kg8 49. Kh6 1-0

[Event "BL2-Ost 2122"]
[Site "Germany"]
[Date "2022.03.05"]
[Round "1.1"]
[White "Stein, Robert"]
[Black "Diermair, Andreas"]
[Result "1/2-1/2"]
[WhiteElo "2360"]
[BlackElo "2473"]
[PlyCount "102"]
[EventDate "2022.03.05"]
[EventType "team-tourn"]
[EventRounds "10"]
[EventCountry "GER"]
[SourceTitle "EXT 2023"]
[Source "ChessBase"]
[SourceDate "2022.10.05"]
[SourceVersion "1"]
[SourceVersionDate "2022.10.05"]
[SourceQuality "1"]
[WhiteTeam "Loeberitz"]
[BlackTeam "Passau"]
[WhiteTeamCountry "GER"]
[BlackTeamCountry "GER"]

1. d4 d5 2. c4 e6 3. Nf3 Nf6 4. g3 Bb4+ 5. Bd2 Bd6 6. Bg2 0-0 7. 0-0 c6 8. Qb3 Nbd7 9. Bb4 Bxb4 10. Qxb4 b6 11. cxd5 cxd5 12. Rc1 Bb7 13. Nc3 Nb8 14. Ne5 Nc6 15. Nxc6 Bxc6 16. Ne4 dxe4 17. Rxc6 Rc8 18. Rac1 Qd7 19. Qa4 Rxc6 20. Rxc6 h5 21. Qc4 e3 22. fxe3 Nd5 23. Kf2 h4 24. Bf3 Rd8 25. a3 f5 26. b4 Qe7 27. Rc8 hxg3+ 28. hxg3 Kh7 29. Bxd5 Rxd5 30. Qc6 Rd7 31. b5 Kg6 32. a4 Kf7 33. Qh1 Kg6 34. Rh8 Qg5 35. Qh7+ Kf6 36. Qg8 Rf7 37. Qc8 Qg4 38. Re8 Qe4 39. Qd8+ Kg6 40. Qd6 Kf6 41. Qd8+ Kg6 42. Qc8 Kf6 43. Qc4 g5 44. Qc8 f4 45. Qd8+ Kf5 46. exf4 gxf4 47. g4+ Kxg4 48. Rg8+ Kh3 49. Qg5 Qxd4+ 50. Kf1 Qd1+ 51. Kf2 Qd4+ 1/2-1/2

[Event "GER-ch Blitz"]
[Site "Magdeburg"]
[Date "2021.08.01"]
[Round "8"]
[White "Fridman, Daniel"]
[Black "Stein, Robert"]
[Result "1-0"]
[WhiteElo "2621"]
[BlackElo "2344"]
[PlyCount "117"]
[EventDate "2021.08.01"]
[EventType "tourn (blitz)"]
[EventRounds "29"]
[EventCountry "GER"]
[EventCategory "5"]
[SourceTitle "CBM 203 Extra"]
[Source "ChessBase"]
[SourceDate "2021.09.30"]
[SourceVersion "1"]
[SourceVersionDate "2021.09.30"]
[SourceQuality "1"]

1. d4 d5 2. Nf3 e6 3. g3 Nf6 4. Bg2 Be7 5. c4 0-0 6. Qc2 c5 7. 0-0 cxd4 8. Nxd4 Nc6 9. Nxc6 bxc6 10. b3 a5 11. Nc3 Ba6 12. Rd1 Nd7 13. Bb2 Qc7 14. Rac1 dxc4 15. bxc4 Ne5 16. Nb5 cxb5 17. Bxa8 Nxc4 18. Bf3 Bb7 19. Bxb7 Qxb7 20. a4 Nxb2 21. Qxb2 b4 22. Rd3 Bf6 23. Qb3 Rc8 24. Rc4 g6 25. Rf3 Bg7 26. Rxc8+ Qxc8 27. Rf4 Qc1+ 28. Kg2 Qc6+ 29. f3 Bc3 30. Qd1 Kg7 31. Re4 Bf6 32. Re3 Bc3 33. Rd3 Qc4 34. Qc2 Qc6 35. Qb3 Qc5 36. Kf1 Qh5 37. Kg2 Qe5 38. Kf1 Qh5 39. Kg2 Qe5 40. Qc2 Qc5 41. Rd7 Qc4 42. Qe4 Qxe4 43. fxe4 b3 44. Rb7 b2 45. Rb3 Bd4 46. Kf3 Kf6 47. e3 Be5 48. Ke2 Kg5 49. Kf3 Kf6 50. Ke2 Kg5 51. Kf3 Kf6 52. Rb5 h5 53. Ke2 Bc3 54. Kd3 Be5 55. Kc2 g5 56. Rxa5 h4 57. gxh4 gxh4 58. h3 Bc7 59. Rh5 1-0

[Event "GER-ch Blitz"]
[Site "Magdeburg"]
[Date "2021.08.01"]
[Round "29"]
[White "Kopylov, Michael"]
[Black "Stein, Robert"]
[Result "1/2-1/2"]
[WhiteElo "2392"]
[BlackElo "2344"]
[PlyCount "59"]
[EventDate "2021.08.01"]
[EventType "tourn (blitz)"]
[EventRounds "29"]
[EventCountry "GER"]
[EventCategory "5"]
[SourceTitle "CBM 203 Extra"]
[Source "ChessBase"]
[SourceDate "2021.09.30"]
[SourceVersion "1"]
[SourceVersionDate "2021.09.30"]
[SourceQuality "1"]

1. d4 d5 2. c4 e6 3. Nf3 Nf6 4. g3 Be7 5. Bg2 0-0 6. 0-0 dxc4 7. Qc2 a6 8. Qxc4 b5 9. Qc2 Bb7 10. Bg5 Be4 11. Qc1 Bd5 12. Nc3 c6 13. Rd1 Ne4 14. Bxe7 Qxe7 15. Nxe4 Bxe4 16. Qf4 f5 17. Ne5 Bxg2 18. Kxg2 Rd8 19. Rac1 Rd6 20. Qf3 Qb7 21. e3 Qb6 22. Rc2 Ra7 23. Rdc1 Rc7 24. Qf4 Rd5 25. h4 c5 26. dxc5 Rdxc5 27. Rxc5 Rxc5 28. Rxc5 Qxc5 29. Kh2 Nc6 30. Nxc6 1/2-1/2

[Event "GER-ch Blitz"]
[Site "Magdeburg"]
[Date "2021.08.01"]
[Round "22"]
[White "Lentrodt, Thomas"]
[Black "Stein, Robert"]
[Result "1-0"]
[WhiteElo "2243"]
[BlackElo "2344"]
[PlyCount "33"]
[EventDate "2021.08.01"]
[EventType "tourn (blitz)"]
[EventRounds "29"]
[EventCountry "GER"]
[EventCategory "5"]
[SourceTitle "CBM 203 Extra"]
[Source "ChessBase"]
[SourceDate "2021.09.30"]
[SourceVersion "1"]
[SourceVersionDate "2021.09.30"]
[SourceQuality "1"]

1. d4 d5 2. Bf4 Nf6 3. e3 c5 4. Nf3 Nc6 5. c3 Qb6 6. Qc1 Bf5 7. Nbd2 e6 8. h3 h6 9. Be2 Be7 10. dxc5 Bxc5 11. Nb3 Be7 12. Nbd4 Be4 13. Nxc6 bxc6 14. 0-0 0-0 15. Ne5 Rab8 16. b3 Qa5 17. Nxc6 1-0

[Event "GER-ch Blitz"]
[Site "Magdeburg"]
[Date "2021.08.01"]
[Round "20"]
[White "Schulze, Torben"]
[Black "Stein, Robert"]
[Result "1-0"]
[WhiteElo "2280"]
[BlackElo "2344"]
[PlyCount "76"]
[EventDate "2021.08.01"]
[EventType "tourn (blitz)"]
[EventRounds "29"]
[EventCountry "GER"]
[EventCategory "5"]
[SourceTitle "CBM 203 Extra"]
[Source "ChessBase"]
[SourceDate "2021.09.30"]
[SourceVersion "1"]
[SourceVersionDate "2021.09.30"]
[SourceQuality "1"]

1. e4 e5 2. Nc3 Nc6 3. Bc4 Nf6 4. d3 Bb4 5. Nge2 d5 6. exd5 Nxd5 7. 0-0 Nxc3 8. bxc3 Bd6 9. f4 0-0 10. f5 Kh8 11. Ng3 f6 12. a4 Ne7 13. a5 Bd7 14. Qf3 Bc6 15. Qg4 Bd5 16. Bxd5 Nxd5 17. Ne4 Qd7 18. Kh1 c5 19. c4 Nb4 20. Rf2 b5 21. cxb5 Rab8 22. b6 axb6 23. axb6 Rxb6 24. h3 Be7 25. Be3 Rc8 26. Rd1 Nd5 27. Bc1 Rb1 28. Kh2 Qc7 29. Bh6 gxh6 30. Rxb1 Rg8 31. Qf3 c4 32. g3 cxd3 33. cxd3 Kg7 34. Rfb2 Kh8 35. Rb7 Qd8 36. Ra7 Nb4 37. Nf2 Bc5 38. Qb7 Bxa7 1-0